Geografia Włoch - Statystyki

Ogólne statystyki
  • Ten quiz został rozwiązany 61 razy
    11 od ostatniego zresetowania
  • Średni wynik to 13 z 15
Statystyki odpowiedzi
Pytanie Odpowiedź % Poprawnych
Jakie góry leżą na północy Włoch? Alpy
100%
Jakie jest drugie największe miasto we Włoszech pod względem ludności? Mediolan
100%
W jakim mieście znajduje się Krzywa Wieża? Piza
100%
Jaka jest stolica Włoch? Rzym
100%
Nazwij jedno z dwóch państw-enklaw otoczone przez Włochy San Marino / Watykan
100%
Jaka jest największa wyspa we Włoszech? Sycylia
100%
Jak nazywa się półwysep, w którym leży znaczna część Włoch? Apeniński
91%
Jaką nazwę nosi starożytne miasto leżące blisko dzisiejszego Neapolu zniszczone przez wybuch wulkanu? Pompeje
91%
Nad jakim morzem leżą głównie Włochy? Śródziemne
91%
Ile jest regionów we Włoszech? 20
82%
Jakie Morze jest na wschód od Włoch? Adriatyckie
82%
Jaki szczyt dzielą Włochy z Francją? Mont Blanc
82%
Co jest stolicą Kampanii? Neapol
64%
Jaka jest największa rzeka we Włoszech? Pad
64%
Jak się nazywa historyczna część Tyrolu, która była częścią Austrii do 1919 roku? Tyrol Południowy
9%
Nie znaleziono quizów pasujących do podanych kryteriów
Rozkład punktacji
Procent ludzi z każdym wynikiem
Percentyl według liczby udzielonych odpowiedzi
Twoja historia wyników
Nie rozwiązałeś tego quizu od ostatniego zresetowania